1668 1639 1894 1719 1890 1397 1753 1093 1338 1004 1392 1724 1105 1100 1190 1407 1155 1096 1631 1006 1769 1553 1314 1456 1423 1313 1786 1910 1898 1050 1111 1946 1502 1316 1857 1655 1726 1146 1853 1693 1062 1092 1043 1739 1010 1028 1246 1389 1016 1883 1027 1499 1744 1794 1246 1874 1493 1156 1967 1477 1685 1098 1480 1681 1192 1370 1099 1973 1513 1440 1252 1068 1278 1282 1121 1222 1265 1739 1809 1242 1982 1220 1482 1925 1959 1755 1678 1957 1049 1201 1999 1978 1745 1010 1134 1554 1866 1197 1968 BCNSPRNW ULIB Ver.6.0+V

เปลี่ยนเป็นภาษาไทย

Change to English
 แสดงรายละเอียดบรรณานุกรม
  กลับหน้าหลัก

Brief Record : Get Marc (ISO 2709) : E-mail record : QR code < ปิดหน้าต่าง
LEADER : 00000nam 2200000uu 4500
001    13399124069
003     ULIB
008    150109s2555||||th 000 0 tha d
020    ^a9786162730177
060  4 ^aQS4^bอ334ร
100    ^aCristina vilella
245    ^aGrand atlas of human body ร่างกายมนุษย์/^cบรรณาธิการ ; Cristina vilella ,แปล ; อรพิน ยงวัฒนา
250    ^aพิมพ์ครั้งที่ 1
260    ^aกรุงเทพมหานคร :^bสุวีริยาสาส์น,^c2555
300    ^a96 หน้า
650  7 ^aร่างกายมนุษย์
650  0 Human Boby
700 0  ^aอรพิน ยงวัฒนา.;^eแปล
945    ^p300^l0^i038068
945    ^p300^l0^i038069
999    ^aเกษร โพธิ์สุวรรณ
รายการนี้ยังไม่มีแท็ก
คุณยังไม่ได้ล็อกอิน คุณสามารถมีกิจกรรมร่วมกับเว็บไซต์ได้ แต่ต้องล็อกอินก่อน ::
  ล็อกอิน

รายการสื่อสารสนเทศ

ลำดับที่ ประเภท เลขเรียก/บาร์โค้ด สถานที่ สถานะ
1. วิทยาศาสตร์การแพทย์ และสุขภาพ
หนังสือสำรอง
สถานะ=หนังสือสำรอง
QS4 อ334ร ฉ.1 
  Barcode: 038068
ห้องสมุดวิทยาเขตสวรรค์ประชารักษ์
►ส่วนจัดเก็บหนังสือเก่า สปร
บนชั้น
  ขอยืม
2. วิทยาศาสตร์การแพทย์ และสุขภาพ
วิทยาศาสตร์การแพทย์ และสุขภาพ
QS4 อ334ร ฉ.2 
  Barcode: 038069
ห้องสมุดวิทยาเขตสวรรค์ประชารักษ์
►ส่วนจัดเก็บหนังสือเก่า สปร
บนชั้น
  ขอยืม

รายการใกล้เคียง
    ผู้แต่ง [Cristina vilella]

    หัวเรื่อง [ร่างกายมนุษย์]

BibComment


ยังไม่เคยถูกคอมเมนท์

คอมเมนท์ทรัพยากรรายการนี้
  คอมเมนท์: Grand atlas of h..


 Copyright 2026. Bcnsprnw @Library